Normal view
MARC view
- Histry
Entry Topical Term
001 - CONTROL NUMBER
- control field: 107532
003 - CONTROL NUMBER IDENTIFIER
- control field: NUST
005 - DATE AND TIME OF LATEST TRANSACTION
- control field: 20230124143227.0
008 - FIXED-LENGTH DATA ELEMENTS
- fixed length control field: 230124|| aca||aabn | a|a d
040 ## - CATALOGING SOURCE
- Original cataloging agency: NUST
- Transcribing agency: NUST
150 ## - HEADING--TOPICAL TERM
- Topical term or geographic name entry element: Histry
670 ## - SOURCE DATA FOUND
- Source citation: Work cat.: (NUST)186772: Daniel.G.E 107531, Myth or Legend ? /
